Countries of Europe by Subdivisions Quiz Stats

 Plays Quiz Updated Apr 21, 2019

Score 0/46 Timer 09:00
8 Plays Today
Subdivisions Country % Correct
England, Scotland, WalesUnited Kingdom
91.3%
Brussels, Flemish Region, Walloon RegionBelgium
89%
Cork, Galway, WexfordIreland
88.6%
Bern, Obwalden, ZugSwitzerland
87%
Attica, Crete, ThessalyGreece
86.5%
Brittany, Centre-Val-De-Loire, Grand EstFrance
85.5%
Bavaria, Saarland, ThuringiaGermany
84.3%
Castelo Branco, Évora, PortoPortugal
81.7%
Finnmark, Hordaland, ØstfoldNorway
81.3%
Groningen, Utrecht, ZeelandNetherlands
80.7%
Gotland, Norrland, SkåneSweden
80%
Lapland, Ostrobothnia, UusimaaFinland
78.4%
Aragon, Cantabria, ExtremaduraSpain
75.8%
Hovedstaden, Midtjylland, SjællandDenmark
73.1%
Istria, Osijek, SplitCroatia
72.6%
Chernihiv, Kharkiv, LuhanskUkraine
70.6%
Aosta Valley, Liguria, UmbriaItaly
68.5%
Eastern, Southern, WestfjordsIceland
68.1%
Central Bohemia, Moravia-Silesia, ZlinCzechia
68.1%
İzmir, Konya, SamsunTurkey
65.5%
Carinthia, Styria, TyrolAustria
63.7%
Fontvielle, La Condamine, Saint MichelMonaco
58.2%
Arkhangelsk, Ryazan, VoronezhRussia
57.8%
Subdivisions Country % Correct
Famagusta, Larnaca, LimassolCyprus
56.8%
Fejér, Pest, SomogyHungary
55.8%
Cluj, Mureș, VâlceaRomania
53.1%
Lubusz, Masovia, SilesiaPoland
53%
Kaunas, Klaipėda, UtenaLithuania
51.7%
Harju, Pärnu, SaareEstonia
49.1%
Apače, Dobrna, MariborSlovenia
47.9%
Canillo, Encamp, Escaldes-EngordanyAndorra
47.2%
Eschen, Mauren, SchaanLiechtenstein
47%
Mačva, Šumadija, VojvodinaSerbia
46.7%
Acquaviva, Faetano, SerravalleSan Marino
46.3%
Burgas, Stara Zagoda, VarnaBulgaria
45.9%
Nitra, Košice, TrnavaSlovakia
45.7%
Posavina Canton, Republika Srpska, Brčko DistrictBosnia and Herzegovina
45.6%
Brest, Grodno, MogilevBelarus
44.7%
Diekirch, Grevenmacher, MerschLuxembourg
43.6%
Kotor, Nikšić, TivatMontenegro
42.3%
Daugavpils, Ogre, TukumsLatvia
41%
Elbasan, Shkodër, VlorëAlbania
37.6%
Għarb, Luqa, Ta' XbiexMalta
37.4%
Basarabeasca, Drochia, GagauziaMoldova
34.9%
Deçan, Gjilan, SkënderajKosovo
33.6%
Bitola, Kumanovo, TetovoNorth Macedonia
32.5%

You're not logged in!

Compare scores with friends on all Sporcle quizzes.
OR
Log In

Sporcle TV

Today on Sporcle TV


Watch our educational content, quiz creation guides, and fun videos on Sporcle TV.

Show Comments

Extras

Top Quizzes Today


Score Distribution

Your Account Isn't Verified!

In order to create a playlist on Sporcle, you need to verify the email address you used during registration. Go to your Sporcle Settings to finish the process.

Report this User

Report this user for behavior that violates our Community Guidelines.

Details: